000 00303nam a22001337a 4500
008 170419b xxu||||| |||| 00| 0 eng d
020 _a0316709158
041 _aeng
080 _a61
100 _a4
101 _aSHM
245 _aHERPATOBILLARY AND PANCREATIC DISEASE
_cPITT.H.A
942 _2udc
_cBK
999 _c11099
_d11099